| 000 | 00736nam a2200253 a 4500 | ||
|---|---|---|---|
| 001 | 27829 | ||
| 003 | BD-RjUL | ||
| 005 | 20211209051216.0 | ||
| 008 | 140327s1957 ru c 000 0 eng d | ||
| 035 | _a(BD-RjUL)27908 | ||
| 035 | _a(OCoLC)2624936 | ||
| 040 |
_aCCC _cCCC _dBD-RjUL _beng |
||
| 041 | _aeng | ||
| 082 | 0 | 4 |
_bRAA 1957 _a621.384 |
| 100 | 1 |
_aRadovsky, M. _985421 |
|
| 245 | 1 | 0 |
_aAlexander Popov, inventor of radio / _cM. Radovsky. |
| 260 |
_aMoscow : _bForeign Language Pub. House, _c1957. |
||
| 300 |
_a129 p. : _bill., ports. ; _c20 cm. |
||
| 490 | _aMen of Russian science | ||
| 600 | 1 | 0 |
_aPopov, Aleksandr Stepanovich, _d1859-1906. _985422 |
| 942 |
_2ddc _cBK |
||
| 999 |
_c27829 _d27829 |
||